| 000 | 00375nam a2200157 i 4500 | ||
|---|---|---|---|
| 001 | bg | ||
| 100 | 1 | _aBUSCH, Georg | |
| 245 | 0 |
_aVorlesungen über Festkörperphysik / _cGeorg Busch, Horst Schade. |
|
| 260 |
_aBasel, _c1973. |
||
| 700 | 1 | _aSCHADE, Horst | |
| 040 | _cBPK | ||
| 041 | _apol | ||
| 080 | _a538.9 | ||
| 942 | _cKS | ||
| 008 | s pl f |000 0 pol | ||
| 999 |
_c26399 _d26399 |
||
| 856 |
_uhttp://koha.tu.koszalin.pl/cgi-bin/koha/opac-detail.pl?biblionumber=26399 _yKatalog online BPK |
||